书目信息 |
| 题名: |
扬州生态市建设规划方法研究
|
|
| 作者: | 王如松 , 徐洪喜 编著 | |
| 分册: | ||
| 出版信息: | 北京 中国科学技术出版社 2005.01 |
|
| 页数: | 306页 | |
| 开本: | 25cm | |
| 丛书名: | ||
| 单 册: | ||
| 中图分类: | X321.253.3 | |
| 科图分类: | ||
| 主题词: | 城市环境--cheng shi huan jing--生态环境--城市建设--研究--扬州市 | |
| 电子资源: | ||
| ISBN: | 7-5046-3935-4 | |
| 000 | 01171nam0 2200241 450 | |
| 001 | 012006466678 | |
| 005 | 20060626110156.15 | |
| 010 | @a7-5046-3935-4@dCNY76.00 | |
| 100 | @a20060615d2005 km y0chiy0120 ea | |
| 101 | 0 | @achi |
| 102 | @aCN@b110000 | |
| 105 | @aabk z 000yy | |
| 200 | 1 | @a扬州生态市建设规划方法研究@Ayang zhou sheng tai shi jian she gui hua fang fa yan jiu@d= A Comprehensive Approach for Yangzhou Eco-City Development@f王如松, 徐洪喜编著@Fwang ru song,xu hong xi bian zhu@zeng |
| 210 | @a北京@c中国科学技术出版社@d2005.01 | |
| 215 | @a306页@c图, 地图@d25cm | |
| 330 | @a本书为扬州生态市建设规划研究成果之一。全书共分五篇二十章。第一篇:扬州生态市建设的内涵、原则、目标等;第二篇:扬州复合生态区划与生态环境保护;第三篇:扬州市城镇体系与沿江主体城市景观生态建设:第四篇:扬州市生态转型与生态产业建设规划、发展框架等。 | |
| 510 | 1 | @aComprehensive Approach for Yangzhou Eco-City Development@zeng |
| 606 | 0 | @a城市环境@Acheng shi huan jing@x生态环境@x城市建设@x研究@y扬州市 |
| 690 | @aX321.253.3@v4 | |
| 701 | 0 | @a王如松@Awang ru song@4编著 |
| 701 | 0 | @a徐洪喜@Axu hong xi@4编著 |
| 801 | 0 | @aCN@bQSSK@c20060626 |
| 905 | @a10447@dX321.253.3@eW326 | |
| 扬州生态市建设规划方法研究= A Comprehensive Approach for Yangzhou Eco-City Development/王如松, 徐洪喜编著.-北京:中国科学技术出版社,2005.01 |
| 306页:图, 地图;25cm |
| ISBN 7-5046-3935-4:CNY76.00 |
| 本书为扬州生态市建设规划研究成果之一。全书共分五篇二十章。第一篇:扬州生态市建设的内涵、原则、目标等;第二篇:扬州复合生态区划与生态环境保护;第三篇:扬州市城镇体系与沿江主体城市景观生态建设:第四篇:扬州市生态转型与生态产业建设规划、发展框架等。 |
| ● |
| 相关链接 |
|
|
|
正题名:扬州生态市建设规划方法研究
索取号:X321.253.3/W326
 
预约/预借
| 序号 | 登录号 | 条形码 | 馆藏地/架位号 | 状态 | 备注 |
| 1 | 586950 | 205869504 | 自科库501/ [索取号:X321.253.3/W326] | 在馆 |